Stochastic Petri nets : modelling, stability, simulation
Saved in:
| Main Author: | |
|---|---|
| Format: | Book |
| Language: | English |
| Published: |
New York :
Springer,
c2002
|
| Series: | Springer series in operations research
|
| Subjects: | |
| Tags: |
Add Tag
No Tags, Be the first to tag this record!
|
MARC
| LEADER | 00000nam a2200000 i 4500 | ||
|---|---|---|---|
| 001 | 1/50897 | ||
| 008 | 070807s2002 eng d | ||
| 020 | |a 0-387-95445-7 | ||
| 035 | |l 10089575 | ||
| 040 | |a GR-MY-UA |b gre |e aacr | ||
| 041 | 0 | |a eng | |
| 082 | 0 | |a 511.3 |2 (22) | |
| 100 | 1 | |a Haas, Peter J. |q Peter Jay. | |
| 245 | 1 | 0 | |a Stochastic Petri nets : |b modelling, stability, simulation / |c Peter J. Haas |
| 260 | |a New York : |b Springer, |c c2002 | ||
| 300 | |a xxii, 509 σ.; |b σχ.; |c 24 εκ. | ||
| 490 | 1 | |a Springer series in operations research | |
| 500 | |a With 71 illustrations | ||
| 504 | |a Περιλαμβάνει βιβλιογραφικές παραπομπές και ευρετήριο | ||
| 650 | 0 | 0 | |a Petri nets. |
| 650 | 0 | 0 | |a Stochastic analysis. |
| 830 | 0 | |a Springer series in operations research | |
| 852 | |a INST |b CHIOS |e 20070807 |h 511.3 HAA |p 005200025668 |q 005200025668 |t BK |y 0 | ||
| 901 | |a BIBL2-2007-2 | ||
| 909 | |a Χ |b 137234 | ||
| 922 | |a 2ΕΛΗ |b 200707 |c ΕΠΕΑΕΚ2/ΤΜΟΔ |d ΕΛΕΥΘΕΡΟΥΔΑΚΗΣ | ||
| 970 | |a ΒΑΣΙΛΑΚΗ |b ΝΙΚΗ |z 2007/08/07 | ||